| 000 | 00000nam##2200000za#4500 |
| 001 | 9.684336 |
| 003 | CaOODSP |
| 005 | 20210615134137 |
| 007 | ta |
| 008 | 150407|2008||||xxc||||| f|0| 0 fre|d |
| 020 | |a978-0-662-04624-0 |
| 040 | |aCaOODSP|bfre |
| 043 | |an-cn--- |
| 086 | 1 |aHS51-1/2007F |
| 110 | 1 |aCanada.|bConseil national du bien-être social. |
| 245 | 10|aRevenus de bien-être social, 2006 et 2007 |
| 246 | 3 |aRapports du Conseil national du bien-être social ; volume n° 128, hiver 2008 |
| 260 | |aOttawa - Ontario : |bConseil national du bien-être social |cc2008. |
| 300 | |aviii, 146p. : |bfigures, graphiques, tableaux ; |c28 cm. |
| 520 | 3 |aPrésente les taux des prestations du bien-être social dans chaque province et territoire au Canada au cours de l’année visée. Il examine les revenus de bien-être social pour quatre types de ménages : personne seule apte au travail, personne seule handicapée, famille monoparentale avec un enfant de deux ans, famille biparentale avec deux enfants de 10 et 15 ans. Il évalue si les prestations sont adéquates, l’écart entre les revenus de bien-être social et les revenus moyens, l’évolution des prestations, et l’évolution du lien entre les revenus de bien-être social et la pauvreté. |
| 563 | |aCouverture souple |
| 590 | |a09-22|b2009-05-29 |
| 691 | 07|aRevenu|2gcpds |
| 691 | 07|aBien-être social|2gcpds |
| 775 | 08|tWelfare incomes, 2006 and 2007 |w(CaOODSP)9.651296 |